01368nam a2200349 a 4500001001100000003000800011006001900019007001500038008004100053010001700094020004300111020003900154040002100193035002100214050002400235082002400259100002200283245009100305260007200396300001700468490002500485504006400510533015200574650002400726650001500750651003700765655002900802710001700831830002600848856012500874999001900999ebr2002993CaPaEBRm u cr cn|||||||||990730s2000 enk sb 001 0 eng  z 99043350  z0312229321 (cloth : in North America ) z0333751191 (outside North America) aCaPaEBRcCaPaEBR a(OCoLC)13316763414aJZ1733b.R39 2000eb04a327.1/4/09512492211 aRawnsley, Gary D.10aTaiwan's informal diplomacy and propogandah[electronic resource] /cGary D. Rawnsley. aHoundmills, Basingstoke, Hampshire ;aNew York :bPalgrave,cc2000. axiii, 182 p.1 aStudies in diplomacy aIncludes bibliographical references (p. 172-178) and index. aElectronic reproduction.bPalo Alto, Calif. :cebrary,d2013.nAvailable via World Wide Web.nAccess may be limited to ebrary affiliated libraries. 0aPropaganda, Taiwan. 0aDiplomacy. 0aTaiwanxForeign relationsy1945- 7aElectronic books.2local2 aebrary, Inc. 0aStudies in diplomacy.40uhttp://site.ebrary.com/lib/rucke/Doc?id=2002993zAn electronic book accessible through the World Wide Web; click to view c123510d123510